[Event "FIDE TURNIR 2014"]
[Site "Ljubljana"]
[Date "2014.05.28"]
[Round "7.10"]
[White "Vujic, Nikola"]
[Black "Siraj, Anej"]
[Result "0-1"]
[WhiteElo "1500"]
[BlackElo "1427"]
[PlyCount "60"]
[EventDate "2014.05.28"]

1. d4 d5 2. Bf4 Nf6 3. Nc3 Bf5 4. e3 e6 5. a3 c5 6. Nf3 Nc6 7. Nb5 Rc8 8. Bd3
Be4 9. Bxe4 Nxe4 10. O-O a6 11. Nc3 cxd4 12. Nxe4 dxe4 13. Nxd4 Be7 14. Ne2 O-O
15. Ng3 e5 16. Bxe5 Nxe5 17. Nxe4 Nc4 18. Ra2 f5 19. Nc3 Nxb2 20. Qd5+ Kh8 21.
Qxb7 Rxc3 22. Qxb2 Bf6 23. Qc1 Qc7 24. Rd1 Rc8 25. Rd2 Be5 26. Kf1 Qc4+ 27. Kg1
Qxa2 28. Qd1 Rxc2 29. Rd8+ Rxd8 30. Qxd8+ Qg8 0-1

[Event "FIDE TURNIR 2014"]
[Site "Ljubljana"]
[Date "2014.05.28"]
[Round "7.11"]
[White "Mlakar, Matej"]
[Black "Tisaj, Domen"]
[Result "1/2-1/2"]
[WhiteElo "1500"]
[BlackElo "1588"]
[PlyCount "78"]
[EventDate "2014.05.28"]

1. e4 c6 2. d4 d5 3. exd5 cxd5 4. Bd3 Nc6 5. c3 Nf6 6. Bf4 e6 7. Nf3 Bd6 8. Qc1
Bxf4 9. Qxf4 O-O 10. Qh4 h6 11. Nbd2 a6 12. Ne5 Nd7 13. Qxd8 Rxd8 14. Nxc6 bxc6
15. b4 e5 16. dxe5 Nxe5 17. Be2 Re8 18. O-O Bf5 19. Nf3 Nxf3+ 20. Bxf3 Be4 21.
Bxe4 Rxe4 22. Rfe1 Rae8 23. Kf1 f5 24. f3 Re3 25. Kf2 R3e6 26. Rxe6 Rxe6 27.
Re1 Rxe1 28. Kxe1 Kf7 29. Ke2 f4 30. Kd3 Ke6 31. Kd4 Kd6 32. a4 g5 33. a5 h5
34. h3 h4 35. c4 dxc4 36. Kxc4 Kd7 37. Kc5 Kc7 38. Kd4 Kd6 39. Kc4 Kd7 1/2-1/2

[Event "FIDE TURNIR 2014"]
[Site "Ljubljana"]
[Date "2014.05.28"]
[Round "7.12"]
[White "Kozarski, Aleksander"]
[Black "Novak, Anze"]
[Result "1-0"]
[WhiteElo "1557"]
[BlackElo "1677"]
[PlyCount "89"]
[EventDate "2014.05.28"]

1. e4 c6 2. f4 d5 3. Nf3 dxe4 4. Ng5 Nf6 5. d3 h6 6. Nxe4 Nxe4 7. dxe4 Qxd1+ 8.
Kxd1 Bg4+ 9. Be2 Bxe2+ 10. Kxe2 Nd7 11. Be3 e6 12. Nd2 Be7 13. Nb3 O-O 14. Rad1
Rfd8 15. Rd3 Nf6 16. Kf3 Rxd3 17. cxd3 a5 18. h3 Ne8 19. Rc1 Ra6 20. a3 a4 21.
Nc5 Bxc5 22. Bxc5 f6 23. Be3 Kf7 24. g4 Nd6 25. Rc2 b5 26. Bc5 Nb7 27. Be3 Ke7
28. d4 Nd6 29. Bd2 Nc4 30. Bb4+ Kf7 31. h4 Ra7 32. e5 f5 33. gxf5 exf5 34. h5
Rd7 35. Bc5 Ke6 36. Rg2 Kd5 37. Rg6 Nd2+ 38. Ke2 Nb3 39. e6 Rd8 40. e7 Re8 41.
Rd6+ Ke4 42. Rd8 Nxc5 43. Rxe8 Ne6 44. Rd8 Nxf4+ 45. Kd2 1-0

[Event "FIDE TURNIR 2014"]
[Site "Ljubljana"]
[Date "2014.05.28"]
[Round "7.13"]
[White "Piciga, Aleksander"]
[Black "Straze, Matija"]
[Result "1/2-1/2"]
[WhiteElo "1392"]
[BlackElo "1604"]
[PlyCount "75"]
[EventDate "2014.05.28"]

1. e4 d6 2. d4 Nf6 3. Nc3 g6 4. f4 Bg7 5. Nf3 c5 6. dxc5 Qa5 7. Qd3 Qxc5 8.
Qb5+ Qxb5 9. Bxb5+ Bd7 10. Bxd7+ Nbxd7 11. Be3 O-O 12. O-O b6 13. h3 Nc5 14.
Bxc5 bxc5 15. e5 Nd7 16. exd6 Rab8 17. dxe7 Rfe8 18. Rab1 Rxe7 19. Kf2 Nb6 20.
Ne2 Nc4 21. b3 Ne3 22. Rfc1 Nxg2 23. Kxg2 Rxe2+ 24. Kg3 Rbe8 25. Re1 Kf8 26.
Rxe2 Rxe2 27. Rc1 Bb2 28. Rd1 Ke7 29. Re1 Rxe1 30. Nxe1 Ke6 31. c4 Kf5 32. Kf3
h6 33. Nd3 Bd4 34. a3 a5 35. b4 axb4 36. axb4 cxb4 37. Nxb4 g5 38. Nd3 1/2-1/2

[Event "FIDE TURNIR 2014"]
[Site "Ljubljana"]
[Date "2014.05.28"]
[Round "7.14"]
[White "Unuk, Jan"]
[Black "Drobnic, Rok"]
[Result "0-1"]
[WhiteElo "1570"]
[BlackElo "1196"]
[PlyCount "39"]
[EventDate "2014.05.28"]

1. d4 Nf6 2. c4 e6 3. Nc3 Be7 4. Nf3 d5 5. Bg5 O-O 6. e3 dxc4 7. Bxc4 Nbd7 8.
O-O Nb6 9. Bd3 Re8 10. Rc1 c6 11. Ne5 h6 12. Bxf6 Bxf6 13. Ng4 Bd7 14. Qf3 Be7
15. Ne5 Bd6 16. Qxf7+ Kh8 17. Qg6 Kg8 18. Qh7+ Kf8 19. Qh8+ Ke7 20. Qxg7# 0-1

[Event "FIDE TURNIR 2014"]
[Site "Ljubljana"]
[Date "2014.05.28"]
[Round "7.15"]
[White "Siraj, Vita"]
[Black "Kmetic, Andrej"]
[Result "0-1"]
[WhiteElo "1639"]
[BlackElo "1397"]
[PlyCount "76"]
[EventDate "2014.05.28"]

1. e4 d5 2. exd5 Qxd5 3. Nc3 Qa5 4. Nf3 Nf6 5. Bc4 Bf5 6. O-O e6 7. d4 c6 8.
Bf4 h6 9. Re1 Bb4 10. Re5 Qd8 11. Qe2 O-O 12. h3 Bd6 13. Rxf5 exf5 14. Bd2 Nbd7
15. Nh4 f4 16. Nf5 Qc7 17. Qf3 b5 18. Bb3 a5 19. a3 Kh7 20. Re1 b4 21. Ne2 bxa3
22. bxa3 Bxa3 23. Bxf4 Qb7 24. Bxf7 Rxf7 25. Qxa3 Qb4 26. Qxb4 axb4 27. Nd6 Re7
28. Nf5 Re6 29. Ne3 Nb6 30. Bc7 Nbd5 31. Nxd5 Nxd5 32. Kf1 Nxc7 33. Rb1 Nd5 34.
Ng3 Nc3 35. Rc1 Rae8 36. Nf5 g6 37. Ne3 Rf8 38. Ra1 Rxe3 0-1

[Event "FIDE TURNIR 2014"]
[Site "Ljubljana"]
[Date "2014.05.28"]
[Round "7.16"]
[White "Tisler, Janez"]
[Black "Jereb, Lana"]
[Result "1-0"]
[WhiteElo "1589"]
[BlackElo "1506"]
[PlyCount "41"]
[EventDate "2014.05.28"]

1. e4 e6 2. d4 d5 3. e5 c5 4. c3 a6 5. Nf3 cxd4 6. cxd4 Bd7 7. Be3 Bb5 8. Bxb5+
axb5 9. O-O Ne7 10. Qb3 Qb6 11. Na3 b4 12. Nc2 Nec6 13. a3 Nd7 14. axb4 Rxa1
15. Rxa1 Be7 16. b5 Na5 17. Qa4 Nc4 18. Qa8+ Bd8 19. Ra7 Qxb5 20. Rxb7 Qc6 21.
Nb4 1-0

[Event "FIDE TURNIR 2014"]
[Site "Ljubljana"]
[Date "2014.05.28"]
[Round "7.17"]
[White "Jelen, Miha"]
[Black "Mazzini, Katarina"]
[Result "0-1"]
[WhiteElo "1533"]
[BlackElo "1213"]
[PlyCount "96"]
[EventDate "2014.05.28"]

1. e4 c6 2. d4 d5 3. Nc3 dxe4 4. Nxe4 Bf5 5. Ng3 Bg6 6. h4 h6 7. h5 Bh7 8. Nf3
Nd7 9. Bd3 Bxd3 10. Qxd3 Qb6 11. O-O O-O-O 12. c3 Ngf6 13. Re1 e6 14. b4 Bd6
15. Ne4 Nxe4 16. Qxe4 Nf6 17. Qh4 Qc7 18. Bd2 Nd7 19. c4 Rde8 20. a4 f5 21.
Rec1 Nf6 22. b5 c5 23. a5 Kb8 24. Rab1 Ne4 25. Be1 Bf4 26. Rc2 Rd8 27. dxc5 Bg5
28. Nxg5 hxg5 29. Qh1 g6 30. h6 Rd7 31. c6 Rdh7 32. g3 Rxh6 33. Qg2 Qh7 34. Kf1
Rh1+ 35. Ke2 Qh5+ 36. Qf3 Qh3 37. Rcb2 Qf1+ 38. Ke3 Rd8 39. Re2 Nc3 40. Bxc3
Qxb1 41. Be5+ Kc8 42. cxb7+ Kd7 43. Qc6+ Ke7 44. Qc7+ Rd7 45. Qxd7+ Kxd7 46.
b8=Q Qb3+ 47. Kd4 Rd1+ 48. Kc5 Qa3# 0-1

[Event "FIDE TURNIR 2014"]
[Site "Ljubljana"]
[Date "2014.05.28"]
[Round "7.18"]
[White "Vah, Denis"]
[Black "Malkoc, Patrik"]
[Result "1-0"]
[WhiteElo "1500"]
[BlackElo "1189"]
[PlyCount "55"]
[EventDate "2014.05.28"]

1. e4 e6 2. d4 d5 3. e5 c5 4. c3 Nc6 5. Nf3 cxd4 6. cxd4 Nge7 7. Nc3 Qb6 8. Bd3
Nxd4 9. Nxd4 Ng6 10. Bxg6 hxg6 11. O-O Qc7 12. Re1 Qb6 13. b3 Bb4 14. Bb2 Qc5
15. Rc1 Bd7 16. Ncb5 Qe7 17. Nc7+ Kd8 18. Nxa8 Bxe1 19. Qxe1 Qh4 20. h3 Qg5 21.
Kh1 f6 22. exf6 Qxf6 23. Nc6+ Bxc6 24. Bxf6+ gxf6 25. Qa5+ Ke7 26. Qxa7 g5 27.
Nb6 Rb8 28. Rxc6 1-0

[Event "FIDE TURNIR 2014"]
[Site "Ljubljana"]
[Date "2014.05.28"]
[Round "7.19"]
[White "Hvala, Inja Ajda"]
[Black "Drobnic, Simona"]
[Result "0-1"]
[WhiteElo "1519"]
[BlackElo "1412"]
[PlyCount "112"]
[EventDate "2014.05.28"]

1. e4 d6 2. d4 Nf6 3. Nc3 e5 4. dxe5 dxe5 5. Qxd8+ Kxd8 6. Bg5 Be7 7. O-O-O+
Bd7 8. Nf3 Ng4 9. Bxe7+ Kxe7 10. Rd2 Nc6 11. h3 Nf6 12. Bb5 Rhd8 13. Rhd1 Re8
14. Bxc6 Bxc6 15. Nxe5 Bxe4 16. Nxe4 Nxe4 17. Re2 Nd6 18. Ng6+ Kd7 19. Rxe8
Rxe8 20. Nf4 h6 21. Nh5 Re2 22. Nxg7 Rxf2 23. c4 Kc8 24. c5 Nc4 25. g3 Nxb2 26.
Rd2 Rxd2 27. Kxd2 Na4 28. Nf5 Nxc5 29. Nxh6 Ne4+ 30. Ke3 Nxg3 31. Nxf7 Kd7 32.
h4 Ke7 33. Nh6 Kf8 34. Kf4 Kg7 35. Kxg3 Kxh6 36. Kg4 Kg6 37. h5+ Kh6 38. Kf5
Kxh5 39. Ke6 Kg6 40. Kd7 c5 41. Kc7 c4 42. Kxb7 a5 43. Kb6 a4 44. Kb5 c3 45.
Kxa4 c2 46. Kb5 c1=Q 47. a4 Qb1+ 48. Kc6 Qb4 49. Kc7 Qxa4 50. Kb8 Qc6 51. Ka7
Qb5 52. Ka8 Kf6 53. Ka7 Ke6 54. Ka8 Kd6 55. Ka7 Kc7 56. Ka8 Qb7# 0-1

[Event "FIDE TURNIR 2014"]
[Site "Ljubljana"]
[Date "2014.05.28"]
[Round "7.20"]
[White "Adamic, Nejc"]
[Black "Bajt, Hana"]
[Result "0-1"]
[WhiteElo "1500"]
[BlackElo "1396"]
[PlyCount "60"]
[EventDate "2014.05.28"]

1. e4 e5 2. Nf3 Nc6 3. d3 h6 4. Nc3 Nf6 5. Be2 Bc5 6. h3 O-O 7. O-O d6 8. Re1
Be6 9. a3 Qd7 10. b4 Bd4 11. Bb2 a5 12. b5 Bxc3 13. Bxc3 Ne7 14. a4 Ng6 15. Bd2
c6 16. c4 cxb5 17. cxb5 Rfc8 18. Be3 Rc3 19. d4 Nxe4 20. Rc1 Bb3 21. Rc2 Bxc2
22. Qa1 Rac8 23. Rc1 Nf4 24. Kf1 Nxe2 25. Kxe2 Bd3+ 26. Kd1 Rxc1+ 27. Bxc1 Qc7
28. dxe5 Qc2+ 29. Ke1 Qxc1+ 30. Qxc1 Rxc1# 0-1

[Event "FIDE TURNIR 2014"]
[Site "Ljubljana"]
[Date "2014.05.28"]
[Round "7.21"]
[White "Trplan, Filip"]
[Black "Bajt, Ales"]
[Result "0-1"]
[WhiteElo "1243"]
[BlackElo "1292"]
[PlyCount "88"]
[EventDate "2014.05.28"]

1. e4 e5 2. Nf3 Nf6 3. Nc3 Bb4 4. Bc4 O-O 5. d3 Qe7 6. Bg5 h6 7. Bh4 c6 8. O-O
Bxc3 9. bxc3 d5 10. exd5 cxd5 11. Bxd5 g5 12. Nxg5 Nxd5 13. Nf3 f6 14. c4 Nf4
15. Re1 Qg7 16. Bg3 Nh5 17. Qd2 Bg4 18. Re3 Nxg3 19. fxg3 Nc6 20. h3 Bxf3 21.
Rxf3 Nd4 22. Re3 Nf5 23. Rf3 Nxg3 24. Qf2 Nh5 25. Kh2 Kh7 26. Qh4 Rg8 27. g3
Qg5 28. Qxg5 hxg5 29. Rb1 b6 30. Re1 Rad8 31. Re4 Rd7 32. Rf1 Rgd8 33. Rd1 Rd4
34. Re3 Kg6 35. c3 Rxc4 36. Rc1 Ra4 37. Rc2 b5 38. Kg2 Rc8 39. Ree2 a5 40. Kf3
Ra3 41. Kg2 Rcxc3 42. Rxc3 Rxc3 43. Rd2 b4 44. Kf1 Nxg3+ 0-1

[Event "FIDE TURNIR 2014"]
[Site "Ljubljana"]
[Date "2014.05.28"]
[Round "7.22"]
[White "Vertacnik, Viktor"]
[Black "Paternoster, Darja"]
[Result "1-0"]
[WhiteElo "1600"]
[BlackElo "1513"]
[PlyCount "69"]
[EventDate "2014.05.28"]

1. e4 c5 2. c3 Nc6 3. Nf3 g6 4. d4 cxd4 5. cxd4 d6 6. Nc3 Bg7 7. Be3 Nf6 8. h3
Bd7 9. Be2 O-O 10. O-O e6 11. Rc1 Rc8 12. Qd2 Ne7 13. Rfd1 Qa5 14. a3 Rfd8 15.
Nh2 d5 16. e5 Ne4 17. Nxe4 dxe4 18. Qxa5 Nc6 19. Qd2 Ne7 20. Ng4 Nf5 21. Nh6+
Kh8 22. Nxf7+ Kg8 23. Nxd8 Rxd8 24. Bg5 Re8 25. g4 Ne7 26. Bxe7 Rxe7 27. Rc7 b6
28. Qg5 Bf8 29. Rxa7 Kf7 30. Rc1 Kg7 31. Rcc7 h6 32. Qf6+ Kh7 33. Qxf8 Rg7 34.
Rxd7 Rxd7 35. Rxd7# 1-0

[Event "FIDE TURNIR 2014"]
[Site "Ljubljana"]
[Date "2014.05.28"]
[Round "7.23"]
[White "Paternoster, Janez"]
[Black "Jersic, Aleks"]
[Result "1-0"]
[WhiteElo "1575"]
[BlackElo "1538"]
[PlyCount "93"]
[EventDate "2014.05.28"]

1. d4 Nf6 2. c4 g6 3. Nc3 d5 4. cxd5 Nxd5 5. Nf3 Nxc3 6. bxc3 Bg7 7. e4 O-O 8.
Bc4 c5 9. Be3 Nc6 10. Rc1 Bg4 11. O-O Bxf3 12. Qxf3 cxd4 13. cxd4 Nxd4 14. Bxd4
Qxd4 15. Rfd1 Qb6 16. Qh3 Bd4 17. Qh4 Rac8 18. Bb3 Rfd8 19. Rb1 Qf6 20. Qxf6
Bxf6 21. Rxd8+ Rxd8 22. g3 Rd2 23. Bd5 b6 24. Rc1 Be5 25. Rc8+ Kg7 26. Ra8 a5
27. Ra6 Rb2 28. Kg2 Bd4 29. Bb3 Rxf2+ 30. Kh3 f5 31. exf5 gxf5 32. Ra7 Kf6 33.
a4 e5 34. Rxh7 e4 35. Rd7 e3 36. Bd1 Bc3 37. Rc7 Bd2 38. Rc6+ Ke7 39. Rxb6 e2
40. Rb7+ Kd6 41. Rb6+ Kc7 42. Bxe2 Kxb6 43. Bb5 Rf1 44. Bxf1 Kc5 45. Bb5 f4 46.
g4 f3 47. Kg3 1-0

[Event "FIDE TURNIR 2014"]
[Site "Ljubljana"]
[Date "2014.05.27"]
[Round "7.24"]
[White "Varga, Ivan"]
[Black "Zaloznik, Vesna"]
[Result "0-1"]
[WhiteElo "1461"]
[BlackElo "1594"]
[PlyCount "93"]
[EventDate "2014.05.28"]

1. e4 e5 2. Bc4 Nc6 3. Nf3 Bc5 4. a3 a5 5. Nc3 Nf6 6. h3 d6 7. d3 Qe7 8. Bb5
Bd7 9. Bc4 Be6 10. Bb5 O-O 11. Bg5 h6 12. Bh4 Nd4 13. Nd5 Bxd5 14. exd5 Nxb5
15. Qe2 Nd4 16. Qd2 e4 17. Nxd4 Bxd4 18. O-O-O Qe5 19. c3 Bb6 20. Rhe1 Rfe8 21.
d4 Qxd5 22. Bxf6 gxf6 23. Kb1 Qg5 24. Qc2 d5 25. Re3 Kh8 26. Rg1 f5 27. h4 Qh5
28. Rge1 f4 29. Rh3 f5 30. Reh1 Rg8 31. Qd2 Rxg2 32. Qxf4 c6 33. Qe5+ Kh7 34.
Qe7+ Rg7 35. Qe6 Rag8 36. Rg3 Rxg3 37. fxg3 Rxg3 38. Qe7+ Rg7 39. Qe6 Qf3 40.
Rc1 a4 41. Qe8 Bc7 42. h5 Bf4 43. Re1 Bd2 44. Rc1 Bxc1 45. Ka2 Bxb2 46. c4 Qb3+
47. Kb1 0-1

[Event "FIDE TURNIR 2014"]
[Site "Ljubljana"]
[Date "2014.05.28"]
[Round "7.25"]
[White "Zupanic Leksan, Uros"]
[Black "Koderman, Maj"]
[Result "0-1"]
[WhiteElo "1550"]
[BlackElo "1500"]
[PlyCount "34"]
[EventDate "2014.05.28"]

1. e4 e5 2. Bc4 Nf6 3. d3 Nc6 4. Nf3 Bc5 5. O-O h6 6. Re1 d6 7. Nc3 Bg4 8. h3
Bh5 9. Nd5 Nxd5 10. Bxd5 Nd4 11. Bxb7 Nxf3+ 12. gxf3 Rb8 13. Bc6+ Kf8 14. Bd5
Qh4 15. Be3 Qxh3 16. Re2 Bxf3 17. Qf1 Qh1# 0-1

[Event "FIDE TURNIR 2014"]
[Site "Ljubljana"]
[Date "2014.05.28"]
[Round "7.26"]
[White "Hvala, Arja Ela"]
[Black "Jelen, Anja"]
[Result "1-0"]
[WhiteElo "1538"]
[BlackElo "1550"]
[PlyCount "79"]
[EventDate "2014.05.28"]

1. e4 e5 2. Nf3 Nc6 3. d4 exd4 4. Bc4 Nf6 5. O-O Bc5 6. Bg5 O-O 7. e5 Nxe5 8.
Nxe5 d5 9. Bb3 Be7 10. Re1 Qd6 11. Qxd4 c5 12. Qd2 Bf5 13. Bxf6 Bxf6 14. Qxd5
Qxd5 15. Bxd5 Rab8 16. g4 Bxe5 17. Rxe5 Bxg4 18. Nd2 Rbd8 19. Nb3 b6 20. Rae1
Rd6 21. Bg2 Rg6 22. Kh1 c4 23. Nd4 h6 24. Nc6 a6 25. Ne7+ Kh7 26. Nxg6 fxg6 27.
h3 Bd7 28. Rd1 Ba4 29. b3 cxb3 30. axb3 Bb5 31. Red5 Be2 32. R1d2 Bb5 33. Rd6
Re8 34. Bd5 Re1+ 35. Kh2 Be8 36. f3 Bb5 37. Be4 Rf1 38. Bxg6+ Kg8 39. Rd8+ Be8
40. Rxe8# 1-0

[Event "FIDE TURNIR 2014"]
[Site "Ljubljana"]
[Date "2014.06.02"]
[Round "7.27"]
[White "Ocepek, Jan"]
[Black "Siraj, Svit"]
[Result "1-0"]
[WhiteElo "1342"]
[BlackElo "1525"]
[PlyCount "53"]
[EventDate "2014.05.28"]

1. e4 e5 2. Nf3 Nc6 3. Nc3 Nf6 4. d4 exd4 5. Nxd4 Nxd4 6. Qxd4 b6 7. Bg5 Bc5 8.
Qd2 Nxe4 9. Bxd8 Nxd2 10. Bxc7 d6 11. Rd1 Kd7 12. Bxd6 Bxd6 13. Rxd2 Kc7 14.
Nb5+ Kb8 15. Nxd6 f6 16. Bb5 a6 17. Bc6 Ra7 18. Nxc8 Kxc8 19. Kd1 Rc7 20. Bf3
Rc5 21. Re1 Rb5 22. b3 Ra5 23. a4 b5 24. Re7 g6 25. Rdd7 bxa4 26. Ra7 axb3 27.
Ra8# 1-0

[Event "FIDE TURNIR 2014"]
[Site "Ljubljana"]
[Date "2014.05.27"]
[Round "7.28"]
[White "Groselj, Kaja"]
[Black "Zaloznik S., Gal"]
[Result "1-0"]
[WhiteElo "1396"]
[BlackElo "1500"]
[PlyCount "31"]
[EventDate "2014.05.28"]

1. e4 e5 2. Nc3 Nc6 3. Bc4 Bc5 4. Nge2 d6 5. d3 Nd4 6. Nxd4 Bxd4 7. Qf3 Nf6 8.
Bg5 O-O 9. O-O-O Bg4 10. Qxg4 Nxg4 11. Bxd8 Nxf2 12. Bxc7 Nxh1 13. Rxh1 Bxc3
14. bxc3 d5 15. Bxd5 Rfe8 16. Bxb7 1-0

[Event "FIDE TURNIR 2014"]
[Site "Ljubljana"]
[Date "2014.06.17"]
[Round "8.1"]
[White "Unuk, Laura"]
[Black "Sketa, Mark"]
[Result "1-0"]
[WhiteElo "2046"]
[BlackElo "1660"]
[PlyCount "81"]
[EventDate "2014.06.04"]

1. d4 e6 2. g3 f5 3. Bg2 Nf6 4. c4 c6 5. Nc3 d5 6. e3 Bb4 7. Nge2 O-O 8. O-O
Nbd7 9. b3 b6 10. Qc2 Ba6 11. Nf4 Qe7 12. Nce2 Rac8 13. Bb2 Rfd8 14. Rfd1 Nf8
15. Rac1 h6 16. Nd3 Bd6 17. f3 g5 18. Nf2 c5 19. e4 cxd4 20. exd5 Nxd5 21. Bxd4
Ba3 22. f4 Nb4 23. Qb1 Bxc1 24. Rxc1 Bb7 25. Bxb7 Qxb7 26. Bc3 Nc6 27. Qb2 Rd7
28. g4 Rcd8 29. Qc2 Ne7 30. fxg5 hxg5 31. Ng3 Qf3 32. Rf1 Nh7 33. Qc1 Qc6 34.
Nh5 Kf7 35. Qe3 Qc5 36. Qe2 Rd3 37. Re1 Nf8 38. b4 Qxc4 39. Nxd3 Qxd3 40. Qe5
Qd5 41. Qg7+ 1-0

[Event "FIDE TURNIR 2014"]
[Site "Ljubljana"]
[Date "2014.06.04"]
[Round "8.2"]
[White "Urh, Zala"]
[Black "Cerkvenik, Simon"]
[Result "0-1"]
[WhiteElo "1570"]
[BlackElo "1708"]
[PlyCount "58"]
[EventDate "2014.06.04"]

1. Nf3 d5 2. g3 e6 3. d4 Nf6 4. c4 Be7 5. Bg2 O-O 6. O-O c5 7. Nc3 Nc6 8. e3 b6
9. Ne5 Bb7 10. f4 cxd4 11. exd4 Nxd4 12. Kh1 Nf5 13. Ng4 Qd7 14. Ne5 Qd8 15.
Ng4 Ba6 16. Ne5 Rc8 17. Qa4 Bxc4 18. Nxc4 Rxc4 19. Qxa7 Qd6 20. Na4 Qc6 21. b3
Rb4 22. Qa6 Rb5 23. Bb2 Ra8 24. Rac1 Bc5 25. Rxc5 Rxc5 26. Qd3 Rc2 27. Be5 Ng4
28. Bd4 Nxd4 29. Qxd4 b5 0-1

[Event "FIDE TURNIR 2014"]
[Site "Ljubljana"]
[Date "2014.06.04"]
[Round "8.3"]
[White "Drobnic, Milan"]
[Black "Kmetic, Val"]
[Result "1-0"]
[WhiteElo "1816"]
[BlackElo "1470"]
[PlyCount "57"]
[EventDate "2014.06.04"]

1. c4 c5 2. g3 Nf6 3. Bg2 e6 4. Nf3 d5 5. cxd5 exd5 6. d4 cxd4 7. Nxd4 Bc5 8.
O-O O-O 9. Nc3 Be6 10. b3 Bxd4 11. Qxd4 Nc6 12. Qd2 Rc8 13. Bb2 a6 14. Rfd1 Ne7
15. e3 Qa5 16. a3 Rfd8 17. b4 Qb6 18. Ne2 Ne4 19. Bxe4 dxe4 20. Nd4 Bb3 21.
Rdc1 Rxc1+ 22. Rxc1 Ng6 23. Qc3 Ba2 24. Ne6 f6 25. Nxd8 Qxd8 26. Qc8 Qxc8 27.
Rxc8+ Nf8 28. a4 Bb3 29. b5 1-0

[Event "FIDE TURNIR 2014"]
[Site "Ljubljana"]
[Date "2014.06.04"]
[Round "8.4"]
[White "Markosek, Maj"]
[Black "Bogataj, Tomaz"]
[Result "1-0"]
[WhiteElo "1702"]
[BlackElo "1697"]
[PlyCount "105"]
[EventDate "2014.06.04"]

1. d4 c6 2. c4 g6 3. Nc3 Bg7 4. e4 d6 5. f3 e6 6. Be3 Ne7 7. Qd2 h6 8. Nge2 b6
9. Ng3 Bb7 10. Be2 Nd7 11. a3 Nf6 12. Rc1 Qc7 13. b4 Rc8 14. O-O O-O 15. Bxh6
Kh7 16. Bxg7 Kxg7 17. Rfd1 Rh8 18. Qe3 Rh6 19. h3 Rch8 20. e5 Nd7 21. f4 a6 22.
d5 Nf8 23. exd6 Qxd6 24. Qd4+ f6 25. Qxf6+ Kxf6 26. Nce4+ Kg7 27. Nxd6 Ba8 28.
dxe6 Nxe6 29. f5 Nf4 30. Bf3 Rf8 31. f6+ Kxf6 32. Nde4+ Kf7 33. Ng5+ Kg8 34.
Rd7 Nf5 35. Nxf5 gxf5 36. Re1 Rg6 37. h4 Rh6 38. g3 Ng6 39. Re6 c5 40. Bxa8
Rxa8 41. h5 Nf8 42. Rxh6 Nxd7 43. Rg6+ Kh8 44. Nf7+ Kh7 45. Rd6 Ra7 46. Ng5+
Kh8 47. h6 cxb4 48. axb4 Kg8 49. c5 bxc5 50. bxc5 a5 51. c6 Nf8 52. Rd8 a4 53.
h7+ 1-0

[Event "FIDE TURNIR 2014"]
[Site "Ljubljana"]
[Date "2014.06.04"]
[Round "8.5"]
[White "Pridigar, Lovro"]
[Black "Unuk, Robert"]
[Result "1/2-1/2"]
[WhiteElo "1660"]
[BlackElo "1499"]
[PlyCount "81"]
[EventDate "2014.06.04"]

1. d4 Nf6 2. Nf3 d5 3. e3 e6 4. Bd3 c5 5. b3 Nc6 6. Bb2 Bd7 7. Nbd2 cxd4 8.
exd4 Bd6 9. O-O O-O 10. Re1 Rc8 11. Ne5 Be8 12. a3 Nd7 13. Qg4 Nf6 14. Qh3 h6
15. f4 Ne7 16. g4 Ng6 17. Rf1 Nh7 18. Rac1 Nxf4 19. Rxf4 Ng5 20. Qf1 f6 21. Ng6
Bxg6 22. Rf2 Bxd3 23. Qxd3 Qc7 24. c4 dxc4 25. Nxc4 Qd7 26. Nxd6 Rxc1+ 27. Bxc1
Qxd6 28. Bxg5 hxg5 29. Qc4 Kf7 30. a4 Re8 31. Rf1 Qc6 32. Qb4 Rd8 33. Qc5 Qxc5
34. dxc5 Rd3 35. Rb1 Ke7 36. Rb2 Kd7 37. b4 a6 38. Kf1 e5 39. Ke2 Rd4 40. h3 g6
41. Rb3 1/2-1/2

[Event "FIDE TURNIR 2014"]
[Site "Ljubljana"]
[Date "2014.06.04"]
[Round "8.6"]
[White "Siraj, Anej"]
[Black "Mlacnik, Janez"]
[Result "1/2-1/2"]
[WhiteElo "1427"]
[BlackElo "1866"]
[PlyCount "81"]
[EventDate "2014.06.04"]

1. e4 c5 2. Nf3 Nc6 3. d4 cxd4 4. Nxd4 e5 5. Nb5 a6 6. Nd6+ Bxd6 7. Qxd6 Qf6 8.
Qxf6 Nxf6 9. Nc3 O-O 10. Bg5 d6 11. Bxf6 gxf6 12. O-O-O Nd4 13. Nd5 Kg7 14. c3
Bg4 15. f3 Nxf3 16. gxf3 Bxf3 17. Rg1+ Kh8 18. Re1 f5 19. Nf6 fxe4 20. Nxe4
Bxe4 21. Rxe4 f5 22. Rh4 Rae8 23. Rg6 Rg8 24. Rxd6 Rg1 25. Rd1 e4 26. Rf4 Re5
27. Bh3 Rg5 28. Rdf1 e3 29. Re1 Rh5 30. Rf3 f4 31. Bg4 Rxh2 32. Rxf4 h5 33. Be2
h4 34. Rg1 Rd5 35. c4 Rd7 36. Bd3 Rxd3 37. Rf8+ Kh7 38. Rf7+ Kh6 39. Rf6+ Kh7
40. Rf7+ Kh6 41. Rf6+ 1/2-1/2

[Event "FIDE TURNIR 2014"]
[Site "Ljubljana"]
[Date "2014.06.04"]
[Round "8.7"]
[White "Jovanovski, Vangel"]
[Black "Lavrih, Domen"]
[Result "1-0"]
[WhiteElo "1668"]
[BlackElo "1439"]
[PlyCount "33"]
[EventDate "2014.06.04"]

1. e4 e6 2. d4 d5 3. Bd3 Nf6 4. e5 Nfd7 5. f4 c5 6. c3 Nc6 7. Nf3 Qb6 8. Bc2
cxd4 9. cxd4 Bb4+ 10. Nc3 O-O 11. O-O f6 12. Be3 fxe5 13. fxe5 Qc7 14. Qd3 g6
15. Ng5 Nd8 16. Nxh7 Rxf1+ 17. Rxf1 1-0

[Event "FIDE TURNIR 2014"]
[Site "Ljubljana"]
[Date "2014.06.04"]
[Round "8.8"]
[White "More, Erlend"]
[Black "Mlakar, Matej"]
[Result "1-0"]
[WhiteElo "1693"]
[BlackElo "1500"]
[PlyCount "59"]
[EventDate "2014.06.04"]

1. d4 d5 2. c4 e6 3. Nc3 Nf6 4. Bg5 Be7 5. Nf3 O-O 6. e3 Nbd7 7. cxd5 exd5 8.
Bd3 c6 9. O-O Re8 10. Qc2 h6 11. Bh4 Qc7 12. Rfe1 Bd6 13. Bg3 Bxg3 14. hxg3 Nb6
15. Ne5 Nbd7 16. f4 Nf8 17. Be2 N6d7 18. Nxd5 Qb8 19. Nc3 Nxe5 20. fxe5 Be6 21.
Rf1 Qd8 22. Ne4 Bd5 23. Nd6 Re7 24. e4 Be6 25. Rf4 Ng6 26. Rf2 Qb6 27. Qc3 Rf8
28. b4 Qc7 29. Bh5 Qd8 30. Raf1 1-0

[Event "FIDE TURNIR 2014"]
[Site "Ljubljana"]
[Date "2014.06.04"]
[Round "8.9"]
[White "Subelj, Jan"]
[Black "Malkoc, Tilen"]
[Result "1-0"]
[WhiteElo "1611"]
[BlackElo "1410"]
[PlyCount "63"]
[EventDate "2014.06.04"]

1. e4 e6 2. d4 d5 3. Nc3 Nf6 4. Bd3 a6 5. Nf3 Be7 6. O-O O-O 7. e5 Nfd7 8. Ne2
c5 9. c3 Nc6 10. Ne1 Qb6 11. Kh1 Kh8 12. f4 cxd4 13. cxd4 f6 14. Nf3 f5 15. a3
Rd8 16. b4 Na7 17. Nc3 Nf8 18. Na4 Qc6 19. Be3 Bd7 20. Nc5 Bxc5 21. Rc1 Rac8
22. dxc5 Ng6 23. Nd4 Qc7 24. g4 Ne7 25. gxf5 exf5 26. Qh5 Rf8 27. Rf3 Be8 28.
Qh4 Ng6 29. Qh3 Ne7 30. Ne6 Qd7 31. Nxf8 Qd8 32. Qxh7# 1-0

[Event "FIDE TURNIR 2014"]
[Site "Ljubljana"]
[Date "2014.06.10"]
[Round "8.10"]
[White "Kmetic, Andrej"]
[Black "Marn, Jan"]
[Result "0-1"]
[WhiteElo "1397"]
[BlackElo "1335"]
[PlyCount "52"]
[EventDate "2014.06.04"]

1. d4 d5 2. Nf3 Bf5 3. e3 e6 4. c4 Nf6 5. Nc3 c5 6. Nh4 Bg6 7. Nxg6 hxg6 8. Qb3
cxd4 9. exd4 Qc7 10. g3 dxc4 11. Bxc4 Nc6 12. Bf4 Bd6 13. Nb5 Qa5+ 14. Bd2 Qd8
15. Nxd6+ Qxd6 16. O-O-O Rc8 17. Kb1 Nxd4 18. Qa4+ Qc6 19. Qxc6+ Rxc6 20. Bd3
a6 21. Be3 Nf5 22. Ba7 Ke7 23. Bxf5 gxf5 24. h4 b6 25. Rc1 Kd7 26. a4 Ra8 0-1

[Event "FIDE TURNIR 2014"]
[Site "Ljubljana"]
[Date "2014.06.04"]
[Round "8.11"]
[White "Mazzini, Katarina"]
[Black "Unuk, Jan"]
[Result "0-1"]
[WhiteElo "1213"]
[BlackElo "1570"]
[PlyCount "58"]
[EventDate "2014.06.04"]

1. e4 e6 2. d4 d5 3. Nd2 Nc6 4. Ngf3 Nf6 5. e5 Nd7 6. c3 Nb6 7. Nb3 Be7 8. Bd3
f6 9. exf6 Bxf6 10. O-O O-O 11. Re1 Be7 12. Qc2 h6 13. Ne5 Nxe5 14. Rxe5 Bd6
15. Rh5 Qf6 16. Be3 Bd7 17. Qd2 Bf4 18. Re1 g6 19. Rh3 g5 20. Rf3 Nc4 21. Bxc4
dxc4 22. Nc5 Bc6 23. Rh3 g4 24. Rh5 Qg6 25. Rh4 Qg5 26. g3 Qd5 27. f3 Qxf3 28.
gxf4 Qh1+ 29. Kf2 Qg2# 0-1